[Event "ROM-ch"]
[Site "Sebes"]
[Date "2023.02.20"]
[Round "2"]
[White "Gavrilescu, David"]
[Black "Vrencian, Lehel"]
[Result "1-0"]
[WhiteElo "2522"]
[BlackElo "2226"]
[PlyCount "65"]
[EventDate "2023.02.19"]
[EventType "swiss"]
[EventRounds "9"]
[EventCountry "ROU"]
[SourceTitle "CBM 212 Extra"]
[Source "ChessBase"]
[SourceDate "2023.03.31"]
[SourceVersion "1"]
[SourceVersionDate "2023.03.31"]
[SourceQuality "1"]

1. e4 c5 2. Nf3 e6 3. d4 cxd4 4. Nxd4 Nf6 5. Nc3 d6 6. g4 h6 7. Rg1 Be7 8. Be3 Nc6 9. Qe2 a6 10. 0-0-0 Qc7 11. f4 Nxd4 12. Rxd4 b5 13. e5 dxe5 14. fxe5 Nd7 15. Bg2 Bb7 16. Bxb7 Qxb7 17. g5 hxg5 18. Bxg5 Bxg5+ 19. Rxg5 Qh1+ 20. Rd1 Qxh2 21. Qf3 Rc8 22. Rf1 f5 23. exf6 gxf6 24. Rg2 Qh6+ 25. Kb1 f5 26. Rfg1 Qf6 27. Qb7 Rb8 28. Qc6 e5 29. Rg8+ Rxg8 30. Rxg8+ Kf7 31. Qd5+ Ke7 32. Rxb8 Nxb8 33. Qb7+ 1-0

[Event "ROM-chT Blitz"]
[Site "Sebes"]
[Date "2022.12.04"]
[Round "7.7"]
[White "Vrencian, Lehel"]
[Black "Itkis, Boris"]
[Result "1/2-1/2"]
[WhiteElo "2226"]
[BlackElo "2329"]
[PlyCount "214"]
[EventDate "2022.12.04"]
[EventType "team-swiss (blitz)"]
[EventRounds "8"]
[EventCountry "ROU"]
[SourceTitle "CBM 211 Extra"]
[Source "ChessBase"]
[SourceDate "2023.01.31"]
[SourceVersion "1"]
[SourceVersionDate "2023.01.31"]
[SourceQuality "1"]
[WhiteTeam "Otopeni"]
[BlackTeam "Techirghiol Victoria"]
[WhiteTeamCountry "ROU"]
[BlackTeamCountry "ROU"]

1. e4 d6 2. d4 Nf6 3. Nc3 g6 4. Nf3 Bg7 5. Be2 0-0 6. 0-0 a6 7. Re1 e6 8. h3 b5 9. a3 Bb7 10. Bf1 h6 11. Bf4 Nbd7 12. Qe2 Nh5 13. Bh2 e5 14. dxe5 Nxe5 15. Rad1 Nxf3+ 16. Qxf3 Qf6 17. Qg4 Qe6 18. Nd5 Bxd5 19. exd5 Qxg4 20. hxg4 Nf6 21. f3 Nd7 22. Re7 Rad8 23. c3 Bf6 24. Ree1 Nc5 25. Bf4 Bg5 26. Bg3 Na4 27. Rb1 Rfe8 28. c4 Be3+ 29. Bf2 Bxf2+ 30. Kxf2 Rxe1 31. Kxe1 bxc4 32. Bxc4 a5 33. Kd2 Nb6 34. Ba2 a4 35. Re1 Kf8 36. Kc3 Ra8 37. Rh1 Kg7 38. Re1 Kf6 39. Rh1 Kg7 40. Re1 Kf6 41. Kd4 Nd7 42. Bc4 Rb8 43. Kc3 Nc5 44. Rh1 Kg7 45. Re1 Kf6 46. Rh1 Kg7 47. Rb1 Re8 48. Kd2 g5 49. b4 axb3 50. Bxb3 Ra8 51. a4 Nxa4 52. Ra1 Nb6 53. Rc1 Ra7 54. Kc3 Kf6 55. Rh1 Kg7 56. Kd4 Nd7 57. Re1 Ne5 58. Rc1 Rb7 59. Bd1 Rb4+ 60. Ke3 Rb7 61. Ba4 Kf6 62. g3 Ra7 63. Bd1 Ra3+ 64. Kf2 Rd3 65. Be2 Rxd5 66. Rxc7 Rd2 67. Ke3 Ra2 68. Rb7 Ra3+ 69. Kf2 Nd3+ 70. Kf1 Ra1+ 71. Kg2 Nc5 72. Rc7 Ra2 73. Kf1 Rb2 74. Bc4 Rb7 75. Rc6 Ke5 76. Rc8 Kd4 77. Be2 Ke3 78. Re8+ Ne6 79. Bc4 Kxf3 80. Bd5+ Kxg3 81. Bxb7 Kxg4 82. Bd5 Nf4 83. Bxf7 h5 84. Be6+ Kg3 85. Bc4 g4 86. Re3+ Kh4 87. Kf2 d5 88. Bb3 d4 89. Re4 Nd3+ 90. Kg2 Nc5 91. Rxd4 Nxb3 92. Rb4 Nd2 93. Ra4 Nf3 94. Ra5 Ng5 95. Ra1 Nh3 96. Ra4 Ng5 97. Ra1 Nf7 98. Rh1+ Kg5 99. Kg3 Nh6 100. Ra1 Nf5+ 101. Kh2 h4 102. Ra8 h3 103. Rg8+ Kf4 104. Rf8 Kg5 105. Rg8+ Kf4 106. Rh8 Nd4 107. Rxh3 Ke5 1/2-1/2

[Event "ROM-chT Rapid"]
[Site "Sebes"]
[Date "2022.12.03"]
[Round "4.19"]
[White "Vrencian, Lehel"]
[Black "Buzgaru, Gabriel"]
[Result "1-0"]
[WhiteElo "2226"]
[BlackElo "1868"]
[PlyCount "43"]
[EventDate "2022.12.03"]
[EventType "team-swiss (rapid)"]
[EventRounds "8"]
[EventCountry "ROU"]
[SourceTitle "CBM 211 Extra"]
[Source "ChessBase"]
[SourceDate "2023.01.31"]
[SourceVersion "1"]
[SourceVersionDate "2023.01.31"]
[SourceQuality "1"]
[WhiteTeam "Otopeni"]
[BlackTeam "Medgidia"]
[WhiteTeamCountry "ROU"]
[BlackTeamCountry "ROU"]

1. e4 e6 2. d4 b6 3. Nc3 Bb7 4. Bd3 Bb4 5. Nf3 Nf6 6. Qe2 d6 7. Bd2 Nbd7 8. 0-0 0-0 9. Rfe1 Bxc3 10. Bxc3 Qe7 11. e5 dxe5 12. dxe5 Nd5 13. Bd2 Nb4 14. Bxh7+ Kh8 15. Be4 Bxe4 16. Qxe4 Nd5 17. Ng5 N5f6 18. Qh4+ Kg8 19. exf6 Nxf6 20. Bc3 Rfd8 21. Re3 Kf8 22. Qh8+ 1-0

[Event "ROM-ch blitz"]
[Site "Bucharest"]
[Date "2022.03.13"]
[Round "7"]
[White "Negrean, Andrei"]
[Black "Vrencian, Lehel"]
[Result "1-0"]
[WhiteElo "1792"]
[BlackElo "2039"]
[PlyCount "65"]
[EventDate "2022.03.13"]
[EventType "swiss (blitz)"]
[EventRounds "9"]
[EventCountry "ROU"]
[SourceTitle "EXT 2023"]
[Source "ChessBase"]
[SourceDate "2022.10.05"]
[SourceVersion "1"]
[SourceVersionDate "2022.10.05"]
[SourceQuality "1"]

1. e4 c5 2. Nf3 e6 3. d4 cxd4 4. Nxd4 Nf6 5. Nc3 d6 6. Be2 a6 7. 0-0 b5 8. Bf3 Ra7 9. Be3 Rd7 10. Re1 Bb7 11. a3 Be7 12. Qe2 Rc7 13. Nb3 Nbd7 14. Rad1 0-0 15. Bf4 Ne8 16. Bg4 Qb8 17. Bg3 Ne5 18. Nd4 Nf6 19. Bh3 Rxc3 20. bxc3 Nxe4 21. Qe3 Rc8 22. Bxe5 dxe5 23. Ne2 Bc5 24. Qc1 Bxf2+ 25. Kh1 Bxe1 26. Rxe1 Qa7 27. Rf1 Nf2+ 28. Rxf2 Qxf2 29. Ng1 Rxc3 30. Qg5 Qf6 31. Qd2 e4 32. Qd7 e3 33. Qe8# 1-0

[Event "ROM-ch blitz"]
[Site "Bucharest"]
[Date "2022.03.13"]
[Round "2"]
[White "Vrencian, Lehel"]
[Black "Radulescu, Andrei"]
[Result "1-0"]
[WhiteElo "2039"]
[BlackElo "1762"]
[PlyCount "51"]
[EventDate "2022.03.13"]
[EventType "swiss (blitz)"]
[EventRounds "9"]
[EventCountry "ROU"]
[SourceTitle "EXT 2023"]
[Source "ChessBase"]
[SourceDate "2022.10.05"]
[SourceVersion "1"]
[SourceVersionDate "2022.10.05"]
[SourceQuality "1"]

1. e4 c5 2. Nf3 Nc6 3. Bb5 g6 4. 0-0 Bg7 5. c3 Nf6 6. Re1 d6 7. d4 cxd4 8. cxd4 Bd7 9. Nc3 0-0 10. Bg5 a6 11. Ba4 b5 12. Bb3 Na5 13. Bc2 Rc8 14. e5 dxe5 15. dxe5 Ne8 16. Nd5 Nc6 17. Bb3 h6 18. Bh4 g5 19. Bxg5 hxg5 20. Nxg5 Nxe5 21. Rxe5 Bxe5 22. Qd3 f5 23. Nf6+ Kg7 24. Nxd7 Bf6 25. Ne6+ Kf7 26. Nxd8+ 1-0

[Event "Titled Tuesday intern op 28th Sept"]
[Site "Chess.com INT"]
[Date "2021.09.28"]
[Round "6"]
[White "Bortnyk, Olexandr"]
[Black "Vrencian, Lehel"]
[Result "1-0"]
[WhiteElo "2604"]
[BlackElo "2270"]
[PlyCount "46"]
[EventDate "2021.09.28"]
[EventType "swiss (blitz)"]
[EventRounds "11"]
[EventCountry "USA"]
[SourceTitle "CBM 204 Extra"]
[Source "ChessBase"]
[SourceDate "2021.11.30"]
[SourceVersion "1"]
[SourceVersionDate "2021.11.30"]
[SourceQuality "1"]

1. e4 c5 2. c3 e6 3. d4 d5 4. exd5 exd5 5. Be3 cxd4 6. Bxd4 Nc6 7. Nf3 Nge7 8. Nbd2 Nf5 9. Nb3 Bd6 10. Be2 0-0 11. 0-0 Re8 12. Qd2 a6 13. Rfe1 Bd7 14. Rad1 Nfxd4 15. Nbxd4 Qf6 16. Nc2 Be6 17. Qg5 Be7 18. Qxf6 Bxf6 19. Nfd4 Bd7 20. Nb3 Ne7 21. Bf3 Bc6 22. Nb4 Rad8 23. Na5 Ba4 1-0

[Event "Titled Tuesday intern op 28th Sept"]
[Site "Chess.com INT"]
[Date "2021.09.28"]
[Round "3"]
[White "Mekhitarian, Krikor Sevag"]
[Black "Vrencian, Lehel"]
[Result "0-1"]
[WhiteElo "2560"]
[BlackElo "2270"]
[PlyCount "114"]
[EventDate "2021.09.28"]
[EventType "swiss (blitz)"]
[EventRounds "11"]
[EventCountry "USA"]
[SourceTitle "CBM 204 Extra"]
[Source "ChessBase"]
[SourceDate "2021.11.30"]
[SourceVersion "1"]
[SourceVersionDate "2021.11.30"]
[SourceQuality "1"]

1. Nf3 b6 2. c4 Bb7 3. Nc3 Nf6 4. g3 e5 5. Bg2 d6 6. 0-0 Be7 7. d4 Nbd7 8. d5 0-0 9. e4 c6 10. Re1 cxd5 11. cxd5 a6 12. h3 b5 13. Bf1 Nb6 14. Nh4 g6 15. Ng2 Qd7 16. Kh2 b4 17. Nb1 Rfc8 18. Nd2 a5 19. b3 a4 20. Rb1 axb3 21. axb3 Ra2 22. Bb2 Qc7 23. Ne3 Nfd7 24. Nec4 Bg5 25. Nxb6 Nxb6 26. Nc4 Ba6 27. h4 Bh6 28. Nxb6 Qxb6 29. Bxa6 Qxa6 30. Bc1 Rxf2+ 31. Kh3 Bxc1 32. Rxc1 Rxc1 33. Qxc1 Qa2 34. Rh1 h5 35. Qc7 Qe2 36. Qc8+ Kg7 37. Qd7 Qxe4 38. Rg1 Qxd5 39. Qc8 Qd2 40. Rh1 Qe2 41. Qd7 Qf3 42. Rg1 Qf5+ 43. Qxf5 Rxf5 44. Rd1 Rf3 45. Rb1 d5 46. Kg2 e4 47. Rd1 Rd3 48. Rb1 Kf6 49. Kf2 Ke5 50. Ra1 Rxb3 51. Ra7 Rb2+ 52. Ke1 Kd4 53. Rxf7 Ke3 54. Kf1 b3 55. Rb7 Rb1+ 56. Kg2 d4 57. Rb6 d3 0-1

[Event "Titled Tuesday intern op 21st Sept"]
[Site "Chess.com INT"]
[Date "2021.09.21"]
[Round "7"]
[White "Iskusnyh, Sergei"]
[Black "Vrencian, Lehel"]
[Result "0-1"]
[WhiteElo "2473"]
[BlackElo "2270"]
[PlyCount "36"]
[EventDate "2021.09.21"]
[EventType "swiss (blitz)"]
[EventRounds "9"]
[EventCountry "USA"]
[SourceTitle "EXT 2022"]
[Source "ChessBase"]
[SourceDate "2021.10.06"]
[SourceVersion "1"]
[SourceVersionDate "2021.10.06"]
[SourceQuality "1"]

1. d4 d5 2. c4 dxc4 3. e3 Nf6 4. Bxc4 e6 5. Nf3 a6 6. 0-0 Nbd7 7. Re1 b5 8. Bd3 c5 9. e4 cxd4 10. e5 Nd5 11. Nxd4 Bb7 12. Nxe6 Qb6 13. Nxf8 Nxf8 14. Qg4 Ng6 15. Nc3 0-0 16. Nxd5 Bxd5 17. h4 Rfe8 18. Qg3 Qd4 0-1

[Event "Titled Tuesday intern op 21st Sept"]
[Site "Chess.com INT"]
[Date "2021.09.21"]
[Round "1"]
[White "Vrencian, Lehel"]
[Black "Tsvetkov, Andrey1111"]
[Result "1/2-1/2"]
[WhiteElo "2270"]
[BlackElo "2409"]
[PlyCount "194"]
[EventDate "2021.09.21"]
[EventType "swiss (blitz)"]
[EventRounds "9"]
[EventCountry "USA"]
[SourceTitle "EXT 2022"]
[Source "ChessBase"]
[SourceDate "2021.10.06"]
[SourceVersion "1"]
[SourceVersionDate "2021.10.06"]
[SourceQuality "1"]

1. e4 c5 2. Nf3 d6 3. d4 cxd4 4. Nxd4 Nf6 5. Nc3 a6 6. Bc4 e6 7. 0-0 b5 8. Bb3 Be7 9. Qf3 Qc7 10. Qg3 0-0 11. Bh6 Ne8 12. Rfe1 Bd7 13. Rad1 Nc6 14. a4 b4 15. Nce2 Na5 16. Nf4 Nxb3 17. cxb3 Kh8 18. Bg5 Bxg5 19. Qxg5 h6 20. Qe7 Nf6 21. Ndxe6 fxe6 22. Nxe6 Bxe6 23. Qxc7 Bxb3 24. Rxd6 Rac8 25. Qb6 Nxe4 26. Rxh6+ Kg8 27. Rh4 Nxf2 28. Rf1 Bxa4 29. Qg6 Rf6 30. Qh7+ Kf7 31. h3 Bb5 32. Rxf2 Rc1+ 33. Kh2 Rxf2 34. Qh5+ Kg8 35. Qh8+ Kf7 36. Qh5+ Kg8 37. Qd5+ Rf7 38. Rf4 Rcc7 39. Qd8+ Kh7 40. Qh4+ Kg8 41. Qd8+ Kh7 42. Qh4+ Kg8 43. Rxf7 Rxf7 44. Qxb4 Rd7 45. Qe4 Rd2 46. Qe6+ Kh8 47. b4 Re2 48. Qc8+ Kh7 49. Kg3 Re5 50. h4 Re3+ 51. Kf2 Rd3 52. g4 Rd2+ 53. Ke3 Re2+ 54. Kf3 Re7 55. g5 Rf7+ 56. Kg3 Bd7 57. Qc2+ Bf5 58. Qc4 Bg6 59. Qg4 Bf5 60. Qh5+ Kg8 61. g6 Rf6 62. Qh7+ Kf8 63. Qh8+ Ke7 64. Qxg7+ Ke6 65. Qg8+ Ke5 66. g7 Rg6+ 67. Kf2 Be6 68. Qf8 Rf6+ 69. Qxf6+ Kxf6 70. Ke3 Kxg7 71. Kd4 Bg4 72. Kc5 Be2 73. Kb6 Bb5 74. Ka5 Kh6 75. Kb6 Kh5 76. Kc5 Kxh4 77. Kd4 Kg4 78. Kc3 Kf4 79. Kb2 Ke4 80. Ka1 Kd4 81. Kb2 Kc4 82. Ka1 Kb3 83. Kb1 Bd3+ 84. Ka1 Bc4 85. Kb1 Ka4 86. Kb2 Be6 87. Kb1 Ka3 88. Ka1 Bc4 89. Kb1 Bb5 90. Ka1 Ba4 91. Kb1 Bb3 92. Ka1 Bd5 93. Kb1 Ba2+ 94. Ka1 Bf7 95. Kb1 Kb3 96. Ka1 Kc2 97. b5 axb5 1/2-1/2

[Event "ROM-chT"]
[Site "Mamaia"]
[Date "2019.09.22"]
[Round "2.5"]
[White "Vrencian, Lehel"]
[Black "Ciorgovean, Iustin"]
[Result "1/2-1/2"]
[WhiteElo "2306"]
[BlackElo "2331"]
[PlyCount "195"]
[EventDate "2019.09.21"]
[EventType "team-tourn"]
[EventRounds "9"]
[EventCountry "ROU"]
[SourceTitle "EXT 2020"]
[Source "ChessBase"]
[SourceDate "2019.10.17"]
[SourceVersion "1"]
[SourceVersionDate "2019.10.17"]
[SourceQuality "1"]
[WhiteTeam "Otopeni"]
[BlackTeam "Craiova Oltenia"]
[WhiteTeamCountry "ROU"]
[BlackTeamCountry "ROU"]

1. e4 e6 2. d4 d5 3. Nc3 Bb4 4. exd5 exd5 5. Bd3 Nc6 6. Nge2 Nge7 7. 0-0 Bg4 8. a3 Ba5 9. f3 Bf5 10. Na4 0-0 11. Bg5 f6 12. Be3 Re8 13. Bf2 Bb6 14. Re1 Qd7 15. Bb5 a6 16. Nxb6 cxb6 17. Bd3 b5 18. Nf4 Ng6 19. Rxe8+ Rxe8 20. Nxg6 Bxg6 21. Bf1 Na5 22. c3 Nc4 23. b3 Ne3 24. Bxe3 Rxe3 25. Qd2 Re8 26. a4 bxa4 27. Rxa4 Qc7 28. c4 dxc4 29. bxc4 Rd8 30. c5 Bf7 31. Qb2 Qd7 32. Rb4 Bd5 33. Rb6 Qe7 34. Qc3 g6 35. Bc4 Kg7 36. Bxd5 Rxd5 37. h3 Rd7 38. Kh2 Qf7 39. Qe3 Qd5 40. Qf4 Qxd4 41. Qxd4 Rxd4 42. Rxb7+ Kh6 43. Rb6 Rc4 44. Rxa6 Rxc5 45. Rxf6 Kg7 46. Ra6 h5 47. Kg3 Rg5+ 48. Kf2 Rb5 49. Ke3 Rb2 50. g4 hxg4 51. hxg4 Rb4 52. Rd6 Ra4 53. Rd4 Ra6 54. f4 Re6+ 55. Kf3 Ra6 56. Ke4 Re6+ 57. Kd5 Re8 58. Rc4 Rd8+ 59. Ke5 Re8+ 60. Kd6 Re1 61. Rc7+ Kf8 62. Kd5 Re2 63. Ra7 Re1 64. Rb7 Re2 65. Rb6 Kf7 66. Rb7+ Kf8 67. Rb4 Kf7 68. Ra4 Re1 69. Ra7+ Kf8 70. Ra4 Kf7 71. Re4 Ra1 72. Rc4 Re1 73. Rc7+ Kf8 74. Rc2 Kf7 75. Rc7+ Kf8 76. g5 Re2 77. Rc6 Kf7 78. Rf6+ Kg7 79. Re6 Rd2+ 80. Kc5 Kf7 81. Rf6+ Kg7 82. Rd6 Re2 83. Rd4 Kf7 84. Kd5 Re1 85. Rd2 Re8 86. Ra2 Re1 87. Ra7+ Kf8 88. Rb7 Re2 89. Rb4 Kf7 90. Kd6 Re1 91. Rb7+ Kf8 92. Kd5 Re2 93. Rd7 Re1 94. Rd6 Kf7 95. Rf6+ Kg7 96. Kd6 Re4 97. Kd7 Ra4 98. Kd6 1/2-1/2

[Event "ROM-chT"]
[Site "Mamaia"]
[Date "2019.09.21"]
[Round "1.1"]
[White "Vrencian, Lehel"]
[Black "Rogozenco, Dorian"]
[Result "1/2-1/2"]
[WhiteElo "2306"]
[BlackElo "2491"]
[PlyCount "230"]
[EventDate "2019.09.21"]
[EventType "team-tourn"]
[EventRounds "9"]
[EventCountry "ROU"]
[SourceTitle "EXT 2020"]
[Source "ChessBase"]
[SourceDate "2019.10.17"]
[SourceVersion "1"]
[SourceVersionDate "2019.10.17"]
[SourceQuality "1"]
[WhiteTeam "Otopeni"]
[BlackTeam "Timisoara Medicina"]
[WhiteTeamCountry "ROU"]
[BlackTeamCountry "ROU"]

1. e4 c5 2. Nf3 e6 3. d4 cxd4 4. Nxd4 Nf6 5. Nc3 Nc6 6. Ndb5 Bb4 7. a3 Bxc3+ 8. Nxc3 d5 9. exd5 exd5 10. Bd3 0-0 11. 0-0 h6 12. h3 d4 13. Ne4 Bf5 14. Nxf6+ Qxf6 15. Qf3 Bxd3 16. Qxf6 gxf6 17. cxd3 Kg7 18. Bf4 Rfe8 19. Rfe1 Rxe1+ 20. Rxe1 Rd8 21. Rc1 Rd5 22. Rc4 Kg6 23. g4 f5 24. Kg2 fxg4 25. hxg4 h5 26. gxh5+ Rxh5 27. Kf3 Rb5 28. b4 Kf5 29. Rc1 a5 30. bxa5 Rxa5 31. Rb1 Rxa3 32. Rxb7 Rxd3+ 33. Ke2 Ra3 34. Rxf7+ Ke4 35. Bh6 Ra2+ 36. Kf1 d3 37. Rf4+ Kd5 38. Rf5+ Ke4 39. Rf4+ Ke5 40. Rc4 Kd5 41. Rc3 Ne5 42. Bf4 Ng6 43. Rxd3+ Ke4 44. Re3+ Kxf4 45. Rb3 Ne5 46. Kg2 Rc2 47. Rb4+ Nc4 48. Ra4 Kf5 49. Kg3 Rc3+ 50. Kg2 Nd2 51. Ra8 Ne4 52. Rf8+ Nf6 53. Kg1 Kg5 54. Kg2 Ra3 55. Rb8 Nh5 56. Rg8+ Kh4 57. Rh8 Rb3 58. Kh2 Rf3 59. Kg2 Rf7 60. Rh6 Rf8 61. Rh7 Kg4 62. f3+ Kg5 63. Kf2 Re8 64. Ra7 Re5 65. Ra8 Nf4 66. Rg8+ Kh6 67. Rh8+ Kg6 68. Rg8+ Kf7 69. Rg4 Nd3+ 70. Kg3 Kf6 71. Rd4 Rg5+ 72. Rg4 Ra5 73. Rd4 Ra3 74. Rd6+ Ke7 75. Rd4 Ne5 76. Kf4 Ke6 77. Ke4 Nxf3 78. Rd8 Ng5+ 79. Kf4 Nf7 80. Rb8 Ra4+ 81. Ke3 Nd6 82. Kd3 Kd5 83. Rd8 Ra3+ 84. Ke2 Ke5 85. Rh8 Nf5 86. Re8+ Kf4 87. Kd2 Nd6 88. Rf8+ Ke4 89. Rd8 Nc4+ 90. Kc2 Ra6 91. Kc3 Nd6 92. Rh8 Rc6+ 93. Kd2 Nc4+ 94. Ke2 Ne5 95. Rh4+ Kd5 96. Rh5 Rc3 97. Kd2 Rg3 98. Rh8 Nc4+ 99. Ke2 Nd6 100. Rd8 Rg6 101. Ke3 Ke5 102. Ra8 Rg3+ 103. Ke2 Rb3 104. Rh8 Rg3 105. Ra8 Ne4 106. Re8+ Kd4 107. Rd8+ Kc4 108. Rc8+ Nc5 109. Rh8 Ne6 110. Kf2 Ra3 111. Rc8+ Kd4 112. Re8 Re3 113. Re7 Kd3 114. Ra7 Re2+ 115. Kg3 Ke4 1/2-1/2

[Event "ROM-ch"]
[Site "Olanesti"]
[Date "2019.03.09"]
[Round "8"]
[White "Vrencian, Lehel"]
[Black "Bobocea, Laurentiu Vlad"]
[Result "1/2-1/2"]
[WhiteElo "2304"]
[BlackElo "1965"]
[PlyCount "85"]
[EventDate "2019.03.02"]
[EventType "swiss"]
[EventRounds "9"]
[EventCountry "ROU"]
[SourceTitle "CBM 189 Extra"]
[Source "ChessBase"]
[SourceDate "2019.06.03"]
[SourceVersion "1"]
[SourceVersionDate "2019.06.03"]
[SourceQuality "1"]

1. e4 c5 2. Nf3 d6 3. Bc4 Nf6 4. d3 Nc6 5. c3 e6 6. Bb3 Be7 7. 0-0 0-0 8. Re1 Re8 9. Nbd2 a6 10. d4 cxd4 11. cxd4 e5 12. d5 Na5 13. Bc2 Qc7 14. a4 Bd7 15. Bd3 b5 16. axb5 axb5 17. Nb3 Nc4 18. Rxa8 Rxa8 19. Qc2 Rc8 20. Bg5 h6 21. Bxf6 Bxf6 22. Ra1 Qb8 23. Qe2 Bd8 24. h3 Bb6 25. Ne1 g6 26. Rc1 Qa7 27. Ra1 Qb8 28. Nf3 Kg7 29. Kh2 Rc7 30. Nbd2 Nxd2 31. Qxd2 Ra7 32. Rc1 Rc7 33. Rxc7 Qxc7 34. g3 Qc5 35. Kg2 Qc8 36. Ng1 Qa8 37. Ne2 Qa1 38. Qc1 Qa4 39. Qc2 Qa1 40. Qc1 Qa4 41. Qc2 Qa1 42. Qc1 Qa4 43. Qc2 1/2-1/2

[Event "ROM-ch"]
[Site "Olanesti"]
[Date "2019.03.06"]
[Round "5"]
[White "Helmer, Janos"]
[Black "Vrencian, Lehel"]
[Result "0-1"]
[WhiteElo "2024"]
[BlackElo "2304"]
[PlyCount "94"]
[EventDate "2019.03.02"]
[EventType "swiss"]
[EventRounds "9"]
[EventCountry "ROU"]
[SourceTitle "CBM 189 Extra"]
[Source "ChessBase"]
[SourceDate "2019.06.03"]
[SourceVersion "1"]
[SourceVersionDate "2019.06.03"]
[SourceQuality "1"]

1. Nf3 d5 2. c4 d4 3. b4 f6 4. Bb2 e5 5. a3 a5 6. b5 Bc5 7. d3 a4 8. g3 Ne7 9. Bg2 0-0 10. Nbd2 Nd7 11. 0-0 Bb6 12. Qc2 Ng6 13. Rfe1 Nc5 14. Rad1 Bf5 15. Ne4 Qd7 16. Nxc5 Bxc5 17. Nd2 c6 18. bxc6 bxc6 19. Ne4 Be7 20. Ra1 Bh3 21. Bh1 f5 22. Nd2 Bc5 23. Bg2 Bxg2 24. Kxg2 Qa7 25. Rf1 Rab8 26. Rab1 Qa5 27. Bc1 Rxb1 28. Nxb1 Rb8 29. Nd2 Nf8 30. Bb2 Nd7 31. Rb1 Bd6 32. Bc1 Nc5 33. Rxb8+ Bxb8 34. Qb2 Bc7 35. Qb4 Kf7 36. Bb2 Na6 37. Qxa5 Bxa5 38. Nf3 Kf6 39. Nxd4 exd4 40. Bxd4+ Kf7 41. Kf3 Bd2 42. Bb2 Nc5 43. Bd4 Nb3 44. Bb2 c5 45. e3 Bc1 46. Bxc1 Nxc1 47. d4 Nb3 0-1

[Event "ROM-ch"]
[Site "Olanesti"]
[Date "2019.03.03"]
[Round "2"]
[White "Vrencian, Lehel"]
[Black "Manolache, Marius"]
[Result "0-1"]
[WhiteElo "2304"]
[BlackElo "2507"]
[PlyCount "184"]
[EventDate "2019.03.02"]
[EventType "swiss"]
[EventRounds "9"]
[EventCountry "ROU"]
[SourceTitle "CBM 189 Extra"]
[Source "ChessBase"]
[SourceDate "2019.06.03"]
[SourceVersion "1"]
[SourceVersionDate "2019.06.03"]
[SourceQuality "1"]

1. d4 Nf6 2. Nf3 d6 3. c4 g6 4. g3 c6 5. Bg2 Bg7 6. Nc3 Bf5 7. Nh4 Be6 8. d5 cxd5 9. cxd5 Bd7 10. 0-0 0-0 11. Nf3 Na6 12. Be3 Qa5 13. a3 Rfc8 14. b4 Qd8 15. Bd4 Rc4 16. Qb3 Rac8 17. e3 Qf8 18. Nd2 R4c7 19. Rac1 Ng4 20. Bxg7 Qxg7 21. Ne2 Bb5 22. Rxc7 Rxc7 23. Re1 Bxe2 24. Rxe2 Qa1+ 25. Nf1 Rc3 26. Qa4 Nf6 27. Qb5 Qxa3 28. Qxb7 Rc7 29. Qa8+ Kg7 30. b5 Nc5 31. b6 Rb7 32. bxa7 Rxa7 33. Qc8 Qc3 34. Qb8 Rb7 35. Qa8 Rb1 36. Qa2 Qb4 37. h3 Nce4 38. Rc2 Qe1 39. Re2 Qd1 40. Qc2 Rc1 41. Qxd1 Rxd1 42. Rb2 Rxd5 43. Rb4 Re5 44. Nh2 Nc3 45. Rb7 Ng8 46. Nf3 Ra5 47. Bf1 Ne4 48. Rb2 Ngf6 49. Nd4 Ra7 50. Kg2 Nc5 51. Be2 d5 52. Nc6 Rc7 53. Ne5 Nce4 54. Bf3 Nd6 55. Ra2 h5 56. h4 Nc4 57. Nd3 e6 58. Nf4 Ne5 59. Be2 Ne4 60. Rb2 Ra7 61. Rc2 Kf6 62. Rb2 Nc3 63. Bf1 Ng4 64. Nd3 Ra3 65. Rc2 Ne4 66. Rb2 Nexf2 67. Rxf2+ Nxf2 68. Kxf2 Ke7 69. Be2 Kd6 70. Ne1 e5 71. Nf3 f6 72. Bb5 Ra8 73. Nd2 Rb8 74. Bd3 e4 75. Be2 Kc5 76. Nf1 Rb2 77. Ke1 Kb4 78. Nd2 Kc3 79. Nf1 Rb1+ 80. Kf2 Ra1 81. Bb5 g5 82. Be2 Ra2 83. Ke1 g4 84. Kf2 f5 85. Ke1 d4 86. exd4 Kxd4 87. Kf2 Ra3 88. Bb5 e3+ 89. Ke2 Ra2+ 90. Ke1 Rb2 91. Ba6 Ke4 92. Bc4 f4 0-1

[Event "ROM-chT"]
[Site "Sovata"]
[Date "2018.11.24"]
[Round "1.2"]
[White "Aczel, Gergely"]
[Black "Vrencian, Lehel"]
[Result "1/2-1/2"]
[WhiteElo "2549"]
[BlackElo "2321"]
[PlyCount "131"]
[EventDate "2018.11.24"]
[EventType "team-tourn"]
[EventRounds "9"]
[EventCountry "ROU"]
[SourceTitle "CBM 187 Extra"]
[Source "ChessBase"]
[SourceDate "2018.11.04"]
[SourceVersion "1"]
[SourceVersionDate "2018.11.04"]
[SourceQuality "1"]
[WhiteTeam "Timisoara Vest Univ"]
[BlackTeam "Otopeni"]
[WhiteTeamCountry "ROU"]
[BlackTeamCountry "ROU"]

1. d4 d5 2. c4 dxc4 3. e3 Nf6 4. Bxc4 e6 5. Nf3 a6 6. 0-0 Nbd7 7. Qe2 b5 8. Bd3 c5 9. a4 b4 10. Nbd2 Bb7 11. Nc4 Be7 12. e4 cxd4 13. e5 Nd5 14. Nxd4 Nc5 15. Bc2 Nb6 16. Nd6+ Bxd6 17. exd6 Qxd6 18. Nf5 Qc6 19. f3 Kf8 20. a5 Nd5 21. Ne3 b3 22. Nxd5 exd5 23. Bf5 Re8 24. Qf2 Bc8 25. Bxc8 Qxc8 26. Bd2 Nd3 27. Qd4 Qc4 28. Ra4 Qxd4+ 29. Rxd4 Nxb2 30. Rxd5 Nc4 31. Bb4+ Kg8 32. Rc5 Ne5 33. Bc3 f6 34. Rc7 h5 35. f4 Nf7 36. Rd1 Rd8 37. Rxd8+ Nxd8 38. Ra7 Ne6 39. Rxa6 Nxf4 40. Kf1 Nd5 41. Ra8+ Kh7 42. Rxh8+ Kxh8 43. Bd4 Nb4 44. Bc3 Nd5 45. Bb2 Nc7 46. Ke2 Kg8 47. Kd3 Kf7 48. Kc4 Ke6 49. Kxb3 Kd5 50. Kb4 Kc6 51. Kc4 Nd5 52. Bc1 g5 53. Kd4 Ne7 54. Ke4 Kb5 55. Bd2 Ng6 56. Bc3 Nh4 57. g3 f5+ 58. Ke3 Ng6 59. Kf3 g4+ 60. Kf2 h4 61. Bd2 Ka6 62. Bc3 Kb5 63. Ke3 hxg3 64. hxg3 f4+ 65. gxf4 Nxf4 66. Kxf4 1/2-1/2

[Event "Arad op 11th"]
[Site "Arad"]
[Date "2018.08.11"]
[Round "8"]
[White "Secheres, Adrian Simion"]
[Black "Vrencian, Lehel"]
[Result "1/2-1/2"]
[WhiteElo "2407"]
[BlackElo "2293"]
[PlyCount "131"]
[EventDate "2018.08.05"]
[EventType "swiss"]
[EventRounds "9"]
[EventCountry "ROU"]
[SourceTitle "CBM 185 Extra"]
[Source "ChessBase"]
[SourceDate "2018.07.29"]
[SourceVersion "1"]
[SourceVersionDate "2018.07.29"]
[SourceQuality "1"]

1. e4 c5 2. Nf3 e6 3. d4 cxd4 4. Nxd4 Nf6 5. Nc3 d6 6. Be2 a6 7. 0-0 b5 8. a3 Bb7 9. Qe1 Be7 10. f4 0-0 11. Bf3 Qc7 12. Kh1 Nc6 13. Be3 Rfe8 14. Qg3 Rac8 15. Nxc6 Bxc6 16. Bd4 g6 17. Rae1 a5 18. e5 Nd7 19. f5 dxe5 20. fxe6 fxe6 21. Bxc6 exd4 22. Qxc7 Rxc7 23. Bxd7 Rxd7 24. Nxb5 Bf8 25. Re4 Bg7 26. a4 e5 27. Rfe1 Rc8 28. R1e2 Rc4 29. b3 d3 30. bxc4 dxc2 31. Re1 Rd1 32. Nc3 c1Q 33. Nxd1 Qc2 34. c5 h5 35. c6 Qxc6 36. Nb2 h4 37. Nd3 h3 38. gxh3 Qd5 39. Nf2 Bf8 40. Ng4 Bg7 41. Kg2 Kh7 42. R1e2 Qc6 43. Kg3 Qc3+ 44. R2e3 Qa1 45. Kg2 Qa2+ 46. Re2 Qd5 47. h4 Qc6 48. h3 Qd5 49. Kg3 Qd1 50. Kh2 Qb3 51. Kg2 Qd5 52. Kg3 Qd1 53. Kh2 Qb3 54. Nxe5 Bxe5+ 55. Rxe5 Qxa4 56. h5 gxh5 57. Rxh5+ Kg6 58. Rhe5 Qb4 59. R5e4 Qd6+ 60. Kg2 Qd5 61. Kg3 a4 62. Rg4+ Kh5 63. Rh4+ Kg5 64. Rg4+ Kh5 65. Rh4+ Kg5 66. Rg4+ 1/2-1/2